| 000 | 00687nam a22002297a 4500 | ||
|---|---|---|---|
| 005 | 20170124110144.0 | ||
| 010 | _a749776 | ||
| 020 | _c00.00 | ||
| 035 | _a749776 | ||
| 037 | _bCen Lib/Ret | ||
| 040 |
_aDPL _bEN |
||
| 082 |
_a621.3 _bSIL |
||
| 100 |
_aSilverberg, Robert _933041 |
||
| 245 |
_aLight for the world : _cby Robert Silverberg _bedison and the power industry / |
||
| 260 |
_bD. Van Nostrand _aPrinceton _c1967 |
||
| 270 |
_bNew Jersey _a120 Alexander St. |
||
| 300 |
_a281p. _c20cm(Hb) |
||
| 500 | _aIncludes bibliographical references and index | ||
| 650 |
_aPhysics _937189 |
||
| 650 |
_aGeneral electric _933044 |
||
| 942 |
_2ddc _cEN _h621.3 _mSIL |
||
| 999 |
_c131865 _d131865 |
||